U.S. Presidents by First Name - Statistics

General Stats
  • This quiz has been taken 370 times
  • The average score is 42 of 46
Answer Stats
# Term Surname First Name % Correct
1 1789-1797 Washington George
100%
41 1989-1993 Bush George
100%
43 2001-2009 Bush George
100%
2 1797-1801 Adams John
99%
6 1825-1829 Adams John
99%
10 1841-1845 Tyler John
99%
35 1961-1963 Kennedy John
99%
46 2021-present Biden Joe
98%
44 2009-2017 Obama Barack
97%
42 1993-2001 Clinton Bill
97%
45 2017-2021 Trump Donald
97%
4 1809-1817 Madison James
97%
5 1817-1825 Monroe James
97%
11 1845-1849 Polk James
97%
15 1857-1861 Buchanan James
97%
20 1881 Garfield James
97%
3 1801-1809 Jefferson Thomas
97%
40 1981-1989 Reagan Ronald
96%
16 1861-1865 Lincoln Abraham
95%
37 1969-1974 Nixon Richard
94%
7 1829-1837 Jackson Andrew
93%
17 1865-1869 Johnson Andrew
93%
26 1901-1909 Roosevelt Theodore
93%
9 1841 Harrison William
93%
25 1897-1901 McKinley William
93%
27 1909-1913 Taft William
93%
14 1853-1857 Pierce Franklin
92%
32 1933-1945 Roosevelt Franklin
92%
39 1977-1981 Carter Jimmy
92%
33 1945-1953 Truman Harry
91%
34 1953-1961 Eisenhower Dwight
90%
18 1869-1877 Grant Ulysses
89%
22 1885-1889 Cleveland Grover
87%
24 1893-1897 Cleveland Grover
87%
30 1923-1929 Coolidge Calvin
86%
38 1974-1977 Ford Gerald
86%
28 1913-1921 Wilson Woodrow
86%
36 1964-1969 Johnson Lyndon
85%
8 1837-1841 Van Buren Martin
85%
31 1929-1933 Hoover Herbert
84%
19 1877-1881 Hayes Rutherford
75%
12 1849-1850 Taylor Zachary
73%
23 1889-1893 Harrison Benjamin
71%
13 1850-1853 Fillmore Millard
71%
21 1881-1885 Arthur Chester
70%
29 1921-1923 Harding Warren
68%
No matching quizzes found
Score Distribution
Percent of People with Each Score
Percentile by Number Answered
Your Score History
You have not taken this quiz